00645nam a2200193Ia 4500008004100000020001800041082001600059100002600075245002400101250000700125260004400132300002300176500001900199600002100218650005000239942000700289952013800296999001700434240925s9999 xx 000 0 und d a9788126558957 a005.133 SNE aBedrytski, Aliaksandr 0aProfessional Python aNA aNew Delhi:bJohn Wiley and Sonsc,2016. a419p.b0fOriginal aIncludes Index aComputer Science aComputer science, information & general works cBK 001040708CSaUITUbUITUd2017-05-30eBook World Internationalg740.00l0o005.133 SNEpQ11340r2024-09-25 07:16:02w2024-09-25yBK c13839d13839